Escultura sacra patrimonial en Santiago de Chile siglos XVI al XX

Salvato in:
Dettagli Bibliografici
Autori principali: Díaz Vial, Claudio (Autore), Solís Petersen, Loreto (Autore)
Natura: Libro
Lingua:spagnolo
Pubblicazione: Santiago Corporación del Patrimonio religioso y Cultural de Chile 2016
Edizione:1a. ed
Soggetti:
Tags: Aggiungi Tag
Nessun Tag, puoi essere il primo ad aggiungerne!!

MARC

LEADER 00000cam a2200000 a 4500
001 UCD6609
003 CL-VaPUC
008 161230e20160000cl |||||||||||||||||spa|d
020 |a 9789569871009 
082 0 4 |a 247.983  |b DIA  |2 21 
100 0 |a Díaz Vial, Claudio  |e author  |9 590440 
700 0 |a Solís Petersen, Loreto  |e author  |9 590441 
245 1 0 |a Escultura sacra patrimonial en Santiago de Chile siglos XVI al XX 
250 |a 1a. ed 
300 |a 338 p 
942 |c BK 
945 |d 20161230 10:40:00  |a dcastane 
260 |a Santiago  |b Corporación del Patrimonio religioso y Cultural de Chile  |c 2016 
650 7 |a ESCULTURA RELIGIOSA  |2 CL-VaPUC  |9 590442 
650 0 |a Patrimonio cultural  |9 309364 
650 7 |a PATRIMONIO RELIGIOSO  |2 CL-VaPUC  |9 548338 
583 |a last modification  |c 20161230 10:40:00  |k Rodrigo Vera 
999 |c 366863  |d 366861 
952 |0 0  |1 0  |3 erd  |4 0  |6 247_983000000000000_DIA_2016  |7 0  |8 R  |9 481461  |a BIBART  |b BIBART  |i 5357608  |o 247.983 DIA 2016  |p 5357608  |r 2025-03-13  |w 2019-11-24  |y BK_R  |z Catalogado en:20161230  |k ART